000 00225nam a22001217a 4500
082 _a494
_bVAJ/M
100 _aVAJPAYEE,SUMAN
245 _aMALALA
260 _aDELHI
_bRAJPAL
300 _a102
650 _zDELHI
942 _cBK
999 _c4425
_d4425